00810cam a22002411 4500001001300000003000400013005001700017007001500034008004100049010001700090035001900107040001800126050002200144110004700166245004900213260005000262300005000312530006900362650004400431650002500475856005100500999001700551e 18001088 DLC20260227111210.0cr_|||||||||||760521s1916 miu 000 0 eng  ae 18001088  a(OCoLC)2186646 aDLCcOTUdDLC00aLA309.G7bA5 19161 aGrand Rapids (Mich.).bBoard of Education.00aSchool survey, Grand Rapids, Michigan, 1916. aGrand Rapids,bWhite printing company,c1916? a1 p. l., [5]-510 p.,btables, diagrs.c20 cm. aAlso available in digital form on the Internet Archive Web site. 0aPublic schoolszMichiganzGrand Rapids. 0aEducational surveys.41uhttp://hdl.loc.gov/loc.gdc/scd0001.00221240455 c20257d20257